| 000 | 00861nam a2200193 i 4500 | ||
|---|---|---|---|
| 001 | 187889 | ||
| 003 | ES-MaACL | ||
| 005 | 20230906223043.0 | ||
| 008 | 180319s1899 xxk |||| | eng d | ||
| 110 | 1 |
_aGran Bretaña. _bForeign Office. _94480 |
|
| 245 | 1 | 0 |
_aPersia _b: report for the years 1897-98 and 1898-99 on the trade of Ispahan and district : reference to previous report, annual series nº 1953 / presented to both Houses of Parliament by command of Her Majesty, may 1899. |
| 260 |
_aLondon : _bForeing Office, _c1899. |
||
| 300 |
_a21 p. ; _c25 cm. |
||
| 490 | 1 |
_aDiplomatic and consular reports. Annual series ; _v2260 |
|
| 651 | 4 |
_aIrán- _xComercio exterior. _9164414 |
|
| 830 | 1 |
_aDiplomatic and consular reports. Annual series ; _v2260 _9192842 |
|
| 852 |
_aES-MaACL _jT-953-F-12 _z- Legado de González del Campillo |
||
| 999 |
_c187889 _d187889 |
||